Internet v riadení a obchode firmy Zborník z 4. medzinárodnej konferencie konanej v dňoch 21. októbra 1998 v Bratislave

Enregistré dans:
Détails bibliographiques
Autres auteurs: Makulová, Soňa, Burčík, Vladimír
Format: Livre
Langue:slovaque
Publié: Bratislava EL&T Easy Learning & Teaching 1998
Sujets:
Tags: Ajouter un tag
Pas de tags, Soyez le premier à ajouter un tag!

MARC

LEADER 00000nam a2200000 4500
001 c103087
005 20230116112409.2
020 |a 80-888-12-08-9 
041 0 |a slo 
044 |a SK 
245 1 0 |a Internet v riadení a obchode firmy  |b Zborník z 4. medzinárodnej konferencie konanej v dňoch 21. októbra 1998 v Bratislave  |c Soňa Makulová 
264 1 |a Bratislava  |b EL&T Easy Learning & Teaching  |c 1998 
300 |a 126 s. 
610 2 0 |a marketing 
610 2 0 |a obchod elektronický 
610 2 0 |a nástroje marketingové 
610 2 0 |a realita virtuálna 
610 2 0 |a systémy informačné podnikové 
610 2 0 |a systémy informačné riadiace 
610 2 0 |a systémy počítačové telekomunikačné 
610 2 0 |a využitie počítačov 
610 2 0 |a internet 
700 1 |a Makulová, Soňa 
700 1 |a Burčík, Vladimír